000
00346 a2200157 4500
001
61347
020
_a
9783190218233
040
_c
Anchieta - Pituba
100
_a
Rose, Martina
240
1
0
_a
Ideen 1
_l
por
245
1
0
_a
Ideen 1
300
_a
190
362
0
_a
2010
650
4
_a
Línguas germânicas (teutônicas) língua alemã
942
_c
BK
999
_c
61347
_d
61347